Math and literature : (grades 4-6)

Αποθηκεύτηκε σε:
Λεπτομέρειες βιβλιογραφικής εγγραφής
Κύριος συγγραφέας: Bresser, Rusty
Άλλοι συγγραφείς: Burns, Marilyn (Συγγραφέας εισαγωγής κ.λπ.)
Μορφή: Βιβλίο
Γλώσσα:English
Δημοσίευση: Sausalito : Math Solutions, 1995
Θέματα:
Ετικέτες: Προσθήκη ετικέτας
Δεν υπάρχουν, Καταχωρήστε ετικέτα πρώτοι!

MARC

LEADER 00000cam a2200000 i 4500
001 1/25233
008 020620s1995 eng d
020 |a 0-941355-14-4 
035 |l 10068028 
040 |a GR-MY-UA  |b gre  |e aacr 
041 0 |a eng 
082 0 |a 372.7044 
100 1 |a Bresser, Rusty. 
245 1 0 |a Math and literature :  |b (grades 4-6) /  |c Rusty Bresser ; introduction by Marilyn Burns 
260 |a Sausalito :   |b Math Solutions,   |c 1995 
300 |a 156 p. 
650 0 0 |a Mathematics  |x Study and teaching (Elementary) 
650 0 0 |a Children's literature in mathematics education. 
700 1 |a Burns, Marilyn.  |4 aui 
852 |a INST  |b RHODES  |e 20020620  |h 372.7044 BRE  |p 005400016403  |q 005400016403  |t BK  |y 0 
901 |a BIBL4-2002-2 
909 |a Ρ  |b 101260 
970 |a ΚΟΥΛΑΚΙΟΤΗ  |b ΛΙΤΣΑ  |z 2002/06/20